Nordic Countries and Territories - Statistics

General Stats
  • This quiz has been taken 63 times
  • The average score is 9 of 12
Answer Stats
Answer % Correct
Norway
100%
Sweden
100%
Denmark
98%
Finland
98%
Iceland
98%
Greenland
93%
Faroe Islands
89%
Svalbard and Jan Mayen
84%
Åland
68%
Bouvet Island
34%
Queen Maud Land
20%
Peter I Island
16%
No matching quizzes found
Score Distribution
Percent of People with Each Score
Percentile by Number Answered
Your Score History
You have not taken this quiz